I'll Fight...: (Record no. 5600)

MARC details
000 -LEADER
fixed length control field 00544nam a22001937a 4500
003 - CONTROL NUMBER IDENTIFIER
control field GBCCL
005 - DATE AND TIME OF LATEST TRANSACTION
control field 20241126110545.0
008 - FIXED-LENGTH DATA ELEMENTS--GENERAL INFORMATION
fixed length control field 171214b xxu||||| |||| 00| 0 eng d
020 ## - INTERNATIONAL STANDARD BOOK NUMBER
International Standard Book Number 1852402237
040 ## - CATALOGING SOURCE
Transcribing agency gbc
082 ## - DEWEY DECIMAL CLASSIFICATION NUMBER
Classification number 248.4
Item number WAL
100 ## - MAIN ENTRY--PERSONAL NAME
Personal name Wall, Phil
9 (RLIN) 7545
245 ## - TITLE STATEMENT
Title I'll Fight...:
Remainder of title Holiness at War /
Statement of responsibility, etc. Phil Wall
260 ## - PUBLICATION, DISTRIBUTION, ETC.
Place of publication, distribution, etc. Tonbridge:
Name of publisher, distributor, etc. Sovereign World,
Date of publication, distribution, etc. 1998
300 ## - PHYSICAL DESCRIPTION
Extent 191 p.;
Dimensions 20 cm.
505 ## - FORMATTED CONTENTS NOTE
Formatted contents note "Foreword by General Paul Rader."--Cover.
650 ## - SUBJECT ADDED ENTRY--TOPICAL TERM
Source of heading or term Salvation Army.
Form subdivision Christian life.
9 (RLIN) 183
942 ## - ADDED ENTRY ELEMENTS (KOHA)
Source of classification or shelving scheme Dewey Decimal Classification
Koha item type Books
Koha issues (borrowed), all copies 1
Holdings
Withdrawn status Lost status Source of classification or shelving scheme Damaged status Not for loan Home library Current Library Shelving location Date acquired Total checkouts Full call number Barcode Date last seen Copy number Price effective from Koha item type Date last checked out
    Dewey Decimal Classification     GRACE BIBLE COLLEGE GRACE BIBLE COLLEGE Ministry & Mission 2018-03-29   248.4 WAL 006810 2025-05-01 c.1 2018-03-29 Books  
    Dewey Decimal Classification     GRACE BIBLE COLLEGE GRACE BIBLE COLLEGE Ministry & Mission 2018-04-02   248.4 WAL 006811 2025-05-01 c.2 2018-04-02 Books  
    Dewey Decimal Classification     GRACE BIBLE COLLEGE GRACE BIBLE COLLEGE Ministry & Mission 2018-04-05 1 248.4 WAL 006818 2025-05-01 c.3 2018-04-05 Books 2024-02-22
© Grace Bible College Library 2025